Riešime vaše problémy s počítačom

Bibliographic Details
Main Author: Urban, František (Author)
Format: Article
Language:Slovak
PhysicalDescription:Obr.
ISSN:1335-0226
Subjects:

MARC

LEADER 00000nab a2200000 a 4500
001 vtls010114827
003 SK-MaSNL
005 20260304155759.0
008 250507c2010 xo ||||||||||||00 b|slo
015 |a SNBRB2010/07  |2 snkbucl 
035 |a (uuid)e7adff4f-4eed-43cf-89fc-2aaa661c00da 
035 |a urn:nbn:sk:snk-ab16i7 
035 |a (urnnbn)urn:nbn:sk:snk:ar-a05fyj 
038 |a SNKBUCL 
040 |a SNKBUCL  |b slo  |c SNKBUCL  |e AACR2 
041 0 |a slo 
044 |a xo  |c SK 
080 |a 004.382.7-027.22  |2 2001 
100 1 |a Urban, František  |4 aut  |9 373079 
245 1 0 |a Riešime vaše problémy s počítačom  |c František Urban 
300 |b Obr. 
650 0 7 |a osobné počítače  |2 SNKPH  |9 960 
650 0 7 |a práca s počítačom  |2 SNKPH  |9 3626 
655 7 |a informatívne články  |2 SNKPH  |9 131959 
773 0 |t PC revue  |g Roč. XVIII, č. 5 (2010), s. 112-116  |x 1335-0226 
850 |a Slovenská národná knižnica 
852 |a Slovenská národná knižnica 
954 |a odborná, vedecká literatúra pôvodná (slovenská)  |2 lita 
958 |a article27 
958 |a OND 
958 |a EUIPO 
999 |c 2964255  |d 2966185